| 000 | 00000nam 2200000za 4500 |
| 001 | 9.567736 |
| 003 | CaOODSP |
| 005 | 20221107134005 |
| 007 | cr ||||||||||| |
| 008 | 150406s2000 onc|||||o f00| 0 eng d |
| 040 | |aCaOODSP|beng |
| 043 | |an-cn--- |
| 086 | 1 |aA22-231/1996E-PDF |
| 100 | 1 |aBelhadji, El Bachir A.|q(El Bachir Abdelouahid),|d1961- |
| 245 | 10|aProfile of Canadian agri-food co-operatives (1986-1996) |h[electronic resource] / |cBachir Belhadji, Stéphan Gagné and Alain Roy. |
| 260 | |aOttawa : |bAgriculture and Agri-Food Canada, |c2000. |
| 300 | |a67p.|bgraphs, tables |
| 490 | 0 |aResearch paper series |
| 500 | |aIssued also in French under title: Profil des coopératives agroalimentaires canadiennes (1986-1996). |
| 504 | |aBibliography. |
| 590 | |a10-08-Supp|b2010-10-06 |
| 710 | 1 |aCanada.|bAgriculture and Agri-Food Canada. |bCo-operatives Secretariat. |
| 775 | 08|tProfil des coopératives agroalimentaires canadiennes (1986-1996) |w(CaOODSP)9.599062 |
| 776 | 0#|tProfile of Canadian agri-food co-operatives, (1986-1996) / |w(CaOODSP)9.615726 |
| 856 | 40|ahttp://publications.gc.ca|qPDF|s141 KB|uhttps://publications.gc.ca/collections/Collection/A22-231-1996E.pdf |